书目信息 |
| 题名: |
我国乡村治理创新发展研究
|
|
| 作者: | 李建伟, 著 | |
| 分册: | ||
| 出版信息: | 北京 人民出版社 2020.11 |
|
| 页数: | 248页 | |
| 开本: | 23cm | |
| 丛书名: | ||
| 单 册: | ||
| 中图分类: | D638 | |
| 科图分类: | ||
| 主题词: | 农村--nong cun--群众自治--发展--研究--中国 | |
| 电子资源: | ||
| ISBN: | 978-7-01-022543-2 | |
| 000 | 00904nam0 2200253 450 | |
| 001 | CAL 0120217114259 | |
| 005 | 20230217093112.0 | |
| 010 | @a978-7-01-022543-2@dCNY56.00 | |
| 100 | @a20210318d2020 em y0chiy0120 ea | |
| 101 | 0 | @achi |
| 102 | @aCN@b110000 | |
| 105 | @aa a 000yy | |
| 106 | @ar | |
| 200 | 1 | @a我国乡村治理创新发展研究@Awo guo xiang cun zhi li chuang xin fa zhan yan jiu@f李建伟等著 |
| 210 | @a北京@c人民出版社@d2020.11 | |
| 215 | @a248页@c图@d23cm | |
| 314 | @a李建伟, 主要研究领域为经济增长、经济周期、金融发展、社会发展。 | |
| 320 | @a有书目 | |
| 330 | @a本书通过历史比较分析、专题分析与案例分析, 对我国乡村治理的传统、环境、重要形势形成了一些基本判断, 并提供了一些政策建议。 | |
| 606 | 0 | @a农村@Anong cun@x群众自治@x发展@x研究@y中国 |
| 690 | @aD638@v5 | |
| 701 | 0 | @a李建伟,@Ali jian wei@f1966-@4著 |
| 801 | 0 | @aCN@bBJXHZP@c20230228 |
| 905 | @b1396189-92@dD638@e444@f4 | |
| 我国乡村治理创新发展研究/李建伟等著.-北京:人民出版社,2020.11 |
| 248页:图;23cm |
| ISBN 978-7-01-022543-2:CNY56.00 |
| 本书通过历史比较分析、专题分析与案例分析, 对我国乡村治理的传统、环境、重要形势形成了一些基本判断, 并提供了一些政策建议。 |
| ● |
| 相关链接 |
|
|
|
|
正题名:我国乡村治理创新发展研究
索取号:D638/444
 
预约/预借
| 序号 | 登录号 | 条形码 | 馆藏地/架位号 | 状态 | 备注 |
| 1 | 1396189 | 213961890 | 第一样本阅览室/ [索取号:D638/444] | 在馆 | |
| 2 | 1396190 | 213961907 | 第一借阅区/ [索取号:D638/444] | 在馆 | |
| 3 | 1396191 | 213961916 | 第一借阅区/ [索取号:D638/444] | 在馆 | |
| 4 | 1396192 | 213961925 | 第一借阅区/ [索取号:D638/444] | 在馆 |